zpět

Detail výsledku týmu

Šnyt, Šternberk

Datum a čas kvízu

30.5 Celkem bodů Celkový počet nahraných bodů na tomto kvízu bez doplňovacích otázek.
5. Pořadí na kvízu Konečné umístění týmu na tomto kvízu.

Zaznamenané odpovědi

# Otázka Odpověď Body Výsledky
1. Bývalý politik, který v součas... 1
2. Slovenský prezident Kiska vyzn... 0.5
3. Česká televize minulé pondělí... 1
4. V průzkumu britského magazínu... 1
5. Brankář třetiligového Burtonu... 1
6. Mezinárodní vesmírná stanice (... 0.5
7. V předchozí otázce bylo řečeno... 0
8. Standardní denní program posád... 0
9. Jak se jmenuje ruská kosmická... 1
10. První espresso kávovar, určený... 0